<?xml version="1.0" encoding="UTF-8"?>
<record
    xmlns:xsi="http://www.w3.org/2001/XMLSchema-instance"
    xsi:schemaLocation="http://www.loc.gov/MARC21/slim http://www.loc.gov/standards/marcxml/schema/MARC21slim.xsd"
    xmlns="http://www.loc.gov/MARC21/slim">

  <leader>03009nam a22002777i 4500</leader>
  <controlfield tag="003">OSt</controlfield>
  <controlfield tag="005">20251203104341.0</controlfield>
  <controlfield tag="008">251202s2023    ck|||||g |||| 001 0 spa d</controlfield>
  <datafield tag="020" ind1=" " ind2=" ">
    <subfield code="a">9786287531697</subfield>
  </datafield>
  <datafield tag="040" ind1=" " ind2=" ">
    <subfield code="b">spa</subfield>
    <subfield code="c">LADOV</subfield>
  </datafield>
  <datafield tag="041" ind1=" " ind2=" ">
    <subfield code="a">spa</subfield>
  </datafield>
  <datafield tag="082" ind1="0" ind2="4">
    <subfield code="a">709.8</subfield>
    <subfield code="b">C416c</subfield>
  </datafield>
  <datafield tag="100" ind1="1" ind2=" ">
    <subfield code="a">Cer&#xF3;n, Carolina</subfield>
    <subfield code="e">editora</subfield>
  </datafield>
  <datafield tag="245" ind1="0" ind2="3">
    <subfield code="a">Lo curatorial desde el sur / </subfield>
    <subfield code="c">Carolina Cer&#xF3;n y Ximena Gama Chirolla.</subfield>
  </datafield>
  <datafield tag="260" ind1=" " ind2=" ">
    <subfield code="a">Bogot&#xE1; : </subfield>
    <subfield code="b">Instituto Distrital de las Artes-Idartes, </subfield>
    <subfield code="c">c2023.</subfield>
  </datafield>
  <datafield tag="300" ind1=" " ind2=" ">
    <subfield code="a">237 p&#xE1;ginas ; </subfield>
    <subfield code="c">24 cm</subfield>
  </datafield>
  <datafield tag="505" ind1="0" ind2="0">
    <subfield code="t">Presentaci&#xF3;n.</subfield>
    <subfield code="t">Pr&#xF3;logo.</subfield>
    <subfield code="t">Lo curatorial o la disciplina sistem&#xE1;tica: formas de volver f&#xE9;rtil un terreno &#xE1;rido / </subfield>
    <subfield code="r">Anamar&#xED;a Garz&#xF3;n Mantilla</subfield>
    <subfield code="g">(Ecuador)</subfield>
    <subfield code="t">No trabajar&#xE1;s nunca m&#xE1;s en este pueblo / </subfield>
    <subfield code="r">Ana Laura L&#xF3;pez de la Torre</subfield>
    <subfield code="g">(Uruguay)</subfield>
    <subfield code="t">Glosa / </subfield>
    <subfield code="r">Carolina Cer&#xF3;n </subfield>
    <subfield code="g">(Colombia)</subfield>
    <subfield code="t">Imaginaci&#xF3;n radical para curar / </subfield>
    <subfield code="r">Carolina Chac&#xF3;n Bernal </subfield>
    <subfield code="g">(Colombia)</subfield>
    <subfield code="t">Curadur&#xED;as afectivas: Un recorrido por un proceso de aprendizaje compartido / </subfield>
    <subfield code="r">Eliana Otta </subfield>
    <subfield code="g">(Per&#xFA;)</subfield>
    <subfield code="t">Curar: La especulaci&#xF3;n como herramienta / </subfield>
    <subfield code="r">&#xC9;ricka Fl&#xF3;rez </subfield>
    <subfield code="g">(Colombia)</subfield>
    <subfield code="t">Niidxi: Sobre curar desde el lenguaje / </subfield>
    <subfield code="r">Eva Posas</subfield>
    <subfield code="g">(M&#xE9;xico)</subfield>
    <subfield code="t">Adi&#xF3;s a la precariedad: Manual de uso (en construcci&#xF3;n) para una pr&#xE1;ctica curatorial situada / </subfield>
    <subfield code="r">Fabiola Iza</subfield>
    <subfield code="g">(M&#xE9;xico)</subfield>
    <subfield code="t">Somos r&#xED;os que fluyen: Aprender y desaprender desde la pr&#xE1;ctica curatorial / </subfield>
    <subfield code="r">Karol Corrales </subfield>
    <subfield code="g">(Honduras)</subfield>
    <subfield code="t">Curadur&#xED;a afectiva: La curadur&#xED;a como potencia del deseo / </subfield>
    <subfield code="r">Kekena Corval&#xE1;n</subfield>
    <subfield code="g">(Argentina)</subfield>
    <subfield code="t">La curadur&#xED;a de exposiciones en Latinoam&#xE9;rica: &#xBF;Un lugar &#x2013;heterot&#xF3;pico&#x2013; para la elaboraci&#xF3;n del discurso? / </subfield>
    <subfield code="r">Lorena Gonz&#xE1;lez Inneco</subfield>
    <subfield code="g">(Venezuela)</subfield>
    <subfield code="t">Una pr&#xE1;ctica involucrada: Maneras de "artistear" desde TEOR/&#xE9;Tica / </subfield>
    <subfield code="r">Lola Malavasi Lachner</subfield>
    <subfield code="g">(Costa Rica)</subfield>
    <subfield code="t">Lo curatorial desde aqu&#xED; / </subfield>
    <subfield code="r">Marilia Loureiro</subfield>
    <subfield code="g">(Brasil)</subfield>
    <subfield code="t">La bienal como excusa para agrupar nuestras existencias / </subfield>
    <subfield code="r">Maya Jurac&#xE1;n</subfield>
    <subfield code="g">(Guatemala)</subfield>
    <subfield code="t">Reflexiones en torno a una curadur&#xED;a situada / </subfield>
    <subfield code="r">Melissa Aguilar </subfield>
    <subfield code="g">(Colombia)</subfield>
    <subfield code="t">M&#xE1;s all&#xE1; de la curadur&#xED;a pedag&#xF3;gica: La educaci&#xF3;n como lugar de correspondencia / </subfield>
    <subfield code="r">Monica Hoff </subfield>
    <subfield code="g">(Brasil)</subfield>
    <subfield code="t">Centroam&#xE9;rica: Comunidades art&#xED;sticas y culturales de sentido / </subfield>
    <subfield code="r">Sof&#xED;a Villena Araya </subfield>
    <subfield code="g">(Costa Rica)</subfield>
    <subfield code="t">El guion como campo de experimentaci&#xF3;n curatorial / </subfield>
    <subfield code="r">Soledad Garc&#xED;a Saavedra</subfield>
    <subfield code="g">(Chile)</subfield>
    <subfield code="t">Los abismos de la imagen: &#xBF;Son los archivos del trauma y del dolor el material para una exposici&#xF3;n art&#xED;stica? / </subfield>
    <subfield code="r">Ximena Gama Chirolla</subfield>
    <subfield code="g">(Colombia)</subfield>
    <subfield code="t">Biograf&#xED;as y preguntas</subfield>
  </datafield>
  <datafield tag="520" ind1="3" ind2=" ">
    <subfield code="a">Este proyecto cont&#xF3; con el apoyo de la Beca Cerrada 2021 del Centro de Investigaci&#xF3;n y Creaci&#xF3;n de la Facultad de Artes y Humanidades de la Universidad de Los Andes. </subfield>
  </datafield>
  <datafield tag="650" ind1="0" ind2="4">
    <subfield code="a">Curadur&#xED;a</subfield>
    <subfield code="z">Am&#xE9;rica Latina</subfield>
  </datafield>
  <datafield tag="650" ind1="0" ind2="4">
    <subfield code="a">Mujeres en el arte</subfield>
    <subfield code="z">Am&#xE9;rica Latina</subfield>
  </datafield>
  <datafield tag="650" ind1="0" ind2="4">
    <subfield code="a">Curadur&#xED;a como profesi&#xF3;n</subfield>
  </datafield>
  <datafield tag="650" ind1="0" ind2="4">
    <subfield code="a">Curadur&#xED;a</subfield>
    <subfield code="v">historia</subfield>
  </datafield>
  <datafield tag="700" ind1="1" ind2=" ">
    <subfield code="a">Gama Chirolla, Ximena</subfield>
    <subfield code="d">1982-</subfield>
    <subfield code="e">editora</subfield>
  </datafield>
  <datafield tag="856" ind1=" " ind2=" ">
    <subfield code="u">https://galeriasantafe.gov.co/wp-content/uploads/2023/04/Lo_curatorial-VERSION-WEB.pdf</subfield>
  </datafield>
  <datafield tag="942" ind1=" " ind2=" ">
    <subfield code="2">ddc</subfield>
    <subfield code="c">1</subfield>
    <subfield code="h">709.8</subfield>
    <subfield code="i">C416c</subfield>
    <subfield code="n">0</subfield>
  </datafield>
  <datafield tag="999" ind1=" " ind2=" ">
    <subfield code="c">4575</subfield>
    <subfield code="d">4575</subfield>
  </datafield>
  <datafield tag="952" ind1=" " ind2=" ">
    <subfield code="0">0</subfield>
    <subfield code="1">0</subfield>
    <subfield code="2">ddc</subfield>
    <subfield code="4">0</subfield>
    <subfield code="7">0</subfield>
    <subfield code="8">Libros</subfield>
    <subfield code="a">LV</subfield>
    <subfield code="b">LV</subfield>
    <subfield code="d">2025-12-02</subfield>
    <subfield code="l">0</subfield>
    <subfield code="o">709.8 C416c</subfield>
    <subfield code="p">002743</subfield>
    <subfield code="r">2025-12-02 00:00:00</subfield>
    <subfield code="w">2025-12-02</subfield>
    <subfield code="y">1</subfield>
  </datafield>
</record>
